Szczegóły MARC21

Deutsche Romantheorien. Bd. 1 /

003 -Nazwa inst., której nr kontr. jest w polu 001 [,]
    • @
    • Nazwa instytucji, której n kontrolny jest w polu 001
    • NUKAT
005 -DATA I CZAS OSTATNIEJ MODYFIKACJI [,]
    • @
    • pole kontrolne
    • 20241231110957.0
020 -Międzynarod. znormalizowany nr książki - ISBN [ , ]
    • a
    • Numer ISBN
    • 3807220666 Find
040 -Instytucja sporządzająca opis [ , ]
    • a
    • Instytucja, która sporządziła opis (NP)
    • TOR U/MS
    • c
    • Instytucja, która sporządziła rekord (NP)
    • TOR U/MS
    • d
    • Instytucja, która zmodyfikowała rekord (P)
    • TOR U/MS
    • d
    • Instytucja, która zmodyfikowała rekord (P)
    • TOR U/IMs
942 -Rodzaj dokumentu [ , ]
    • c
    • Rodzaj dokumentu
    • Książka
245 -Strefa tytułu i oznaczenia odpowiedzialności [0,0]
    • a
    • Tytuł
    • Deutsche Romantheorien. Find
    • n
    • Oznaczenie części (P)
    • Bd. 1 /
    • c
    • Pozostałe elementy strefy tytułu i oznaczenia odpowiedzialności (NP)
    • Reinhold Grimm (hrsg.).
250 -Strefa wydania [ , ]
    • a
    • Oznaczenie wydania (NP)
    • Bearbeitete Neuaufl.
260 -Strefa adresu wydawniczego [ , ]
    • a
    • Miejsce wydania (P)
    • Frankfurt am Main :
    • b
    • Nazwa wydawcy (P)
    • Athenäum Fischer Taschenbuch Verlag,
    • c
    • Data wydania (P)
    • 1974.
300 -Strefa opisu fizycznego [ , ]
    • a
    • Określenie formy książki i/lub objętość (NP)
    • 261 s. ;
    • c
    • Format (NP)
    • 19 cm.
336 -Typ zawartości [ , ]
    • a
    • Termin opisujący typ zawartości
    • Tekst
    • b
    • Kod określający zawartość
    • txt
    • 2
    • Źródło (terminu i kodu)
    • rdacontent
337 -Typ mediów [ , ]
    • a
    • Tryb odtwarzania
    • Bez urządzenia pośredniczącego
    • b
    • Kod typu mediów
    • n
    • 2
    • Źródło (terminu i kodu)
    • rdamedia
338 -Typ/rodzaj nośnika [ , ]
    • a
    • Hasło opisujące typ nośnika
    • Wolumin
    • b
    • Kod typu nośnika
    • nc
    • 2
    • Źródło (terminu i kodu)
    • rdacarrier
490 -Strefa serii i książki wielotomowej - forma nie do wyszukiwania [1, ]
    • a
    • Tytuł (P)
    • FAT ; Find
    • v
    • Numeracja (P)
    • 2066
490 -Strefa serii i książki wielotomowej - forma nie do wyszukiwania [1, ]
    • a
    • Tytuł (P)
    • Fischer Athenäum Taschenbücher. Literaturwissenschaft Find
830 -Hasło dodatkowe serii i opisu książki wielotomowej - tytuł ujednolicony/tytuł [ ,0]
    • a
    • Tytuł ujednolicony/tytuł (NP)
    • Fischer Athenäum Taschenbücher.
    • p
    • Nazwa części/podserii/sekcji (P)
    • Literaturwissenschaft
    • 9
    • KHW
    • 448662
830 -Hasło dodatkowe serii i opisu książki wielotomowej - tytuł ujednolicony/tytuł [ ,0]
    • a
    • Tytuł ujednolicony/tytuł (NP)
    • Fischer Athenäum Taschenbücher
    • v
    • Oznaczenie tomu (NP)
    • 2066
    • 9
    • KHW
    • 469215
500 -Uwaga ogólna [ , ]
    • a
    • Uwaga ogólna (NP)
    • W serii gł. nr: 2066.
080 -Uniwersalna Klasyfikacja Dziesiętna [ , ]
    • a
    • Symbol klasyfikacji
    • 830.01=30
650 -Hasło przedmiotowe [ ,7]
    • a
    • Hasło przedmiotowe
    • Powieść niemiecka
    • x
    • Określnik rzeczowy
    • historia i krytyka
    • x
    • Określnik rzeczowy
    • teoria.
    • 2
    • Źródło terminu
    • kaba
    • 9
    • KHW
    • 458602
980 -Symbol UKD [ , ]
    • a
    • UKD
    • 830.01=30
700 -Hasło dodatkowe - nazwa osobowa [1, ]
    • a
    • Nazwa osobowa (NP)
    • Grimm, Reinhold Find
    • d
    • Daty biograficzne (NP)
    • (1931-2009).
    • e
    • Określenie rodzaju współpracy
    • Red.
    • 9
    • KHW
    • 452446
920 -ISBN [ , ]
    • a
    • ISBN
    • 3-8072-2066-6 Find
Status udost. Lokalizacja Sygnatura Data inwentaryzacji Numer inwentarzowy
1BMGERM. Powieść 092000-09-13G.7372